Which Arab Country? - Multiple Choice - Statistics

General Stats
  • This quiz has been taken 219 times
  • The average score is 10 of 15
Answer Stats
Question Answer % Correct
Which is the only Arab country to host the World Cup Qatar
95%
Has the world's highest building United Arab Emirates
95%
Is notorious for its pirates Somalia
76%
Which is the largest Arab country? Algeria
71%
Has the largest population from all Arab countries Egypt
71%
Which country has the most ethnic Kurds out of all the Arab countries. Iraq
71%
Its flag contained just one colour until 2011 Libya
71%
Has the highest GDP out of all Arab countries Saudi Arabia
71%
Country with the most populated city Egypt
67%
Is the closest Arab country to Italy Tunisia
62%
Which is the most recent to gain its independence Comoros
52%
Has the least coastline Jordan
52%
Has the highest point out of all Arab countries Morocco
52%
Which country had the most recent flag change Mauritania
48%
Has the world's oldest inhabited city Syria
38%
No matching quizzes found
Score Distribution
Percent of People with Each Score
Percentile by Number Answered
Your Score History
You have not taken this quiz